| 000 | 01069cas a2200313 a 4500 | ||
|---|---|---|---|
| 001 | 33386 | ||
| 003 | BD-RjUL | ||
| 005 | 20211209052011.0 | ||
| 008 | 140507s1955 n qx m 0 1 a0eng d | ||
| 035 |
_a(OCoLC)ocm13195731 _a(BD-RjUL)33477 |
||
| 040 |
_aNSDP _cNSDP _dNST _dMiU _dDLC _dNST _dEbpS _dNLGGC _dCaQQL _dCU-I _dBD-RjUL _beng |
||
| 041 | _aeng | ||
| 082 | 1 | 4 |
_a301 _bLEC 1955 |
| 100 |
_aLee, Raymond L. _9101326 |
||
| 245 | 0 | 0 |
_aContemporary social issues / _cLee, Raymond L., Burkhart, James A. and Shaw, Van B. |
| 260 |
_aNewYork : _bThomas Y. Crowell Co.,, _c1955. |
||
| 265 | _aReference and Research Services, 511 Lincoln, Santa Cruz, CA 95060 | ||
| 300 |
_axv, 864 p. ; _c22 cm. |
||
| 504 | _aIncludes index. | ||
| 650 | 0 |
_aSocial sciences _vBibliography _vPeriodicals. _9101327 |
|
| 650 | 0 |
_aSocial problems _xBibliography _xPeriodicals. _9101328 |
|
| 700 |
_aBurkhart, James A. _9101329 |
||
| 700 |
_a Shaw, Van B _9101330 |
||
| 942 |
_2ddc _cBK |
||
| 999 |
_c33386 _d33386 |
||